Flash prezentácie pre predmet identifikácia bakalárska práca

Salvato in:
Dettagli Bibliografici
Autore principale: Kukla, Viktor
Natura: Libro
Lingua:slovacco
Pubblicazione: Bratislava STU FCHPT 2013
Accesso online:Visualizza in OPAC
Tags: Aggiungi Tag
Nessun Tag, puoi essere il primo ad aggiungerne!!

MARC

LEADER 00000nam a2200000 a 4500
005 20260127133953.0
008 131029 2013 000 0 slo d
035 |a vtls010554675 
039 9 |a 201310311233  |b mschk03  |c 201310311230  |d mschk03  |y 201310291145  |z mschk03 
040 |a STUSCHK1  |b slo  |c STUSCHK1  |e AACR2 
100 1 |a Kukla, Viktor 
245 1 |a Flash prezentácie pre predmet identifikácia  |b bakalárska práca  |c Viktor Kukla 
260 |a Bratislava  |b STU FCHPT  |c 2013 
300 |a 38 s.  |b il.  |c 30 cm 
500 |a Obhájené: 07.08.2013 
500 |a Štud. program: Automatizácia, informatizácia a manažment v chémii a potravinárstve 
500 |a Štud. odbor: Automatizácia, priemyselné inžinierstvo 
500 |a Škol. pracovisko: Odd. informatizácie a riadenia procesov 
500 |a Evid. číslo: FCHPT-5415-70048 
910 |a SCHK95 
999 |c 1176  |d 1176